Normal view
MARC view
- المماليك-تاريخ، الحروب الصليبيية
Entry Topical Term
001 - CONTROL NUMBER
- control field: 37153
003 - CONTROL NUMBER IDENTIFIER
- control field: JO-AjAnu
005 - DATE AND TIME OF LATEST TRANSACTION
- control field: 20230606080210.0
008 - FIXED-LENGTH DATA ELEMENTS
- fixed length control field: 230606|| aca||aabn | a|a d
040 ## - CATALOGING SOURCE
- Original cataloging agency: JO-AjAnu
- Transcribing agency: JO-AjAnu
150 ## - HEADING--TOPICAL TERM
- Topical term or geographic name entry element: المماليك-تاريخ، الحروب الصليبيية
670 ## - SOURCE DATA FOUND
- Source citation: Work cat.: (JO-AjAnu)19066: تاليف أبو عليان، عزمي عبد محمد, author 37152, مسيرة الجهاد الإسلامي ضد الصليبيين في عهد المماليك 648-922ه/1250-1517م